<?xml version="1.0" encoding="UTF-8"?>
<record
    xmlns:xsi="http://www.w3.org/2001/XMLSchema-instance"
    xsi:schemaLocation="http://www.loc.gov/MARC21/slim http://www.loc.gov/standards/marcxml/schema/MARC21slim.xsd"
    xmlns="http://www.loc.gov/MARC21/slim">

  <leader>00827nam a2200217Ia 4500</leader>
  <datafield tag="999" ind1=" " ind2=" ">
    <subfield code="c">41278</subfield>
    <subfield code="d">41278</subfield>
  </datafield>
  <controlfield tag="001">7933</controlfield>
  <controlfield tag="003">GE_BSU</controlfield>
  <controlfield tag="005">20221003123151.0</controlfield>
  <controlfield tag="008">181216s2012ru  xx |||||||||||||| ||rus||</controlfield>
  <datafield tag="020" ind1=" " ind2=" ">
    <subfield code="a">9785713314033</subfield>
  </datafield>
  <datafield tag="040" ind1=" " ind2=" ">
    <subfield code="c">GE_BSU</subfield>
  </datafield>
  <datafield tag="041" ind1=" " ind2=" ">
    <subfield code="a">rus</subfield>
  </datafield>
  <datafield tag="080" ind1=" " ind2=" ">
    <subfield code="a">351.86:341.17(4) &#x416;-91</subfield>
  </datafield>
  <datafield tag="100" ind1=" " ind2=" ">
    <subfield code="a">&#x416;&#x443;&#x440;&#x43A;&#x438;&#x43D;,&#x412;&#x438;&#x442;&#x430;&#x43B;&#x438;&#x439;</subfield>
    <subfield code="9">14959</subfield>
  </datafield>
  <datafield tag="245" ind1=" " ind2=" ">
    <subfield code="a">&#x415;&#x432;&#x440;&#x43E;&#x43F;&#x435;&#x439;&#x441;&#x43A;&#x430;&#x44F; &#x430;&#x440;&#x43C;&#x438;&#x44F;:&#x43F;&#x43E;&#x440;&#x430;&#x436;&#x435;&#x43D;&#x438;&#x44F; &#x438; &#x43F;&#x43E;&#x431;&#x435;&#x434;&#x44B; /</subfield>
    <subfield code="c">&#x412;&#x438;&#x442;&#x430;&#x43B;&#x438;&#x439;  &#x416;&#x443;&#x440;&#x43A;&#x438;&#x43D;.</subfield>
  </datafield>
  <datafield tag="264" ind1=" " ind2=" ">
    <subfield code="a">&#x41C;&#x43E;&#x441;&#x43A;&#x432;&#x430; :</subfield>
    <subfield code="b">&#x41C;&#x435;&#x436;&#x434;&#x443;&#x43D;&#x430;&#x440;&#x43E;&#x434;&#x43D;&#x44B;&#x435; &#x43E;&#x442;&#x43D;&#x43E;&#x448;&#x435;&#x43D;&#x438;&#x44F;,</subfield>
    <subfield code="c">2012.</subfield>
  </datafield>
  <datafield tag="300" ind1=" " ind2=" ">
    <subfield code="a">192 &#x441;&#x442;&#x440;.:</subfield>
    <subfield code="c">21 &#x441;&#x43C;.</subfield>
  </datafield>
  <datafield tag="653" ind1=" " ind2=" ">
    <subfield code="a">&#x415;&#x432;&#x440;&#x43E;&#x43F;&#x435;&#x439;&#x441;&#x43A;&#x430;&#x44F; &#x430;&#x440;&#x43C;&#x438;&#x44F;:&#x43F;&#x43E;&#x440;&#x430;&#x436;&#x435;&#x43D;&#x438;&#x44F; &#x438; &#x43F;&#x43E;&#x431;&#x435;&#x434;&#x44B;</subfield>
  </datafield>
  <datafield tag="653" ind1=" " ind2=" ">
    <subfield code="a">&#x10D4;&#x10D5;&#x10E0;&#x10DD;&#x10DE;&#x10E3;&#x10DA;&#x10D8; &#x10D0;&#x10E0;&#x10DB;&#x10D8;&#x10D0;: &#x10D3;&#x10D0;&#x10DB;&#x10D0;&#x10E0;&#x10EA;&#x10EE;&#x10D4;&#x10D1;&#x10D4;&#x10D1;&#x10D8; &#x10D3;&#x10D0; &#x10D2;&#x10D0;&#x10DB;&#x10D0;&#x10E0;&#x10EF;&#x10D5;&#x10D4;&#x10D1;&#x10D4;&#x10D1;&#x10D8;</subfield>
  </datafield>
  <datafield tag="942" ind1=" " ind2=" ">
    <subfield code="c">BK</subfield>
    <subfield code="2">udc</subfield>
  </datafield>
  <datafield tag="952" ind1=" " ind2=" ">
    <subfield code="0">0</subfield>
    <subfield code="1">0</subfield>
    <subfield code="2">udc</subfield>
    <subfield code="4">0</subfield>
    <subfield code="6">35186341174_&#x416;91</subfield>
    <subfield code="7">0</subfield>
    <subfield code="9">47637</subfield>
    <subfield code="a">CPL</subfield>
    <subfield code="b">CPL</subfield>
    <subfield code="c">GEN</subfield>
    <subfield code="d">2018-12-17</subfield>
    <subfield code="g">21.00</subfield>
    <subfield code="o">351.86:341.17(4) &#x416;-91</subfield>
    <subfield code="p">24406</subfield>
    <subfield code="r">2018-12-17</subfield>
    <subfield code="t">24406</subfield>
    <subfield code="w">2018-12-17</subfield>
    <subfield code="y">BK</subfield>
    <subfield code="z">21.00</subfield>
  </datafield>
</record>
